000 00745nam a2200229 a 4500
999 _c4993
_d4993
001 4993
003 BD-JhCC
005 20171206174443.0
008 171206s2010 b a|||| || | 000 0 b d
020 _a9848261877
035 _a(BD-JhCC)4993
040 _aBD-JhCC
_dBD-JhCC
041 _aeng
082 _a954.9205
_bNIA 2010
100 _aনিয়াজী,
245 _aদ্য বিট্রেয়াল অব ইস্ট পাকিস্তান /
_cলে: জে: এ. এ. কে .নিয়াজী,
260 _aঢাকা :
_bদি স্কাই পাবলিশার্স,
_c2010.
300 _a319 p. :
_bill. ;
_c21 cm.
650 _aLiberation war Bangladesh
942 _2ddc
_cBK